Sermones (Record no. 8465)

MARC details
000 -CABECERA
campo de control de longitud fija 00983nam a2200253 a 4500
001 - NÚMERO DE CONTROL
campo de control BRCA_8814
005 - FECHA Y HORA DE LA ÚLTIMA TRANSACCIÓN
campo de control 20190320210425.0
008 - DATOS DE LONGITUD FIJA--INFORMACIÓN GENERAL
campo de control de longitud fija 250417s1773----sp-#######---#000-0#spa-#
041 ## - CÓDIGO DE LENGUA
Código de lengua del texto/banda sonora o título independiente spa
044 ## - CÓDIGO DEL PAÍS DE LA ENTIDAD EDITORA/PRODUCTORA
Código MARC del país sp
084 ## - OTRO NÚMERO DE CLASIFICACIÓN
Número de clasificación BE195
Número de documento/Ítem .B63 1773
100 1# - ENTRADA PRINCIPAL--NOMBRE DE PERSONA
Nombre de persona Bocanegra y Xibaja, Francisco Alexandro De
9 (RLIN) 21964
245 10 - MENCIÓN DE TÍTULO
Título Sermones
Mención de responsabilidad, etc. de ilustrísimo señor D. Francisco Alexandro de Bocangra y Xibaja; tomo I; segunda edición.
250 ## - MENCIÓN DE EDICIÓN
Mención de edición 2a ed.
260 ## - PUBLICACIÓN, DISTRIBUCIÓN, ETC.
Lugar de publicación, distribución, etc. Madrid
Nombre del editor, distribuidor, etc. Por D. Joachin Ibarra, Impresor de Cámara de S.M.
Fecha de publicación, distribución, etc. 1773
300 ## - DESCRIPCIÓN FÍSICA
Extensión XXVI, 381 p. (t.1)
Dimensiones 15.5 x 10 cm
500 ## - NOTA GENERAL
Nota general Con las licencias necesarias
500 ## - NOTA GENERAL
Nota general En portada: Se hallará en casa de Manuel de Godos en las Gradas de S. Felipe el Real
500 ## - NOTA GENERAL
Nota general Estado físico: presenta encuadernación en pergamino, con lomo despegado y presencia del pez de plata
650 14 - PUNTO DE ACCESO ADICIONAL DE MATERIA--TÉRMINO DE MATERIA
Término de materia o nombre geográfico como elemento de entrada Sermones
Subdivisión cronológica Obras anteriores a 1800
9 (RLIN) 21369
710 2# - PUNTO DE ACCESO ADICIONAL--NOMBRE DE ENTIDAD CORPORATIVA
Nombre de entidad corporativa o nombre de jurisdicción como elemento de entrada Ibarra, Joachin
Término indicativo de función/relación Impresor
9 (RLIN) 21965
902 ## - CATALOGADOR
Iniciales CFM
942 ## - ELEMENTOS DE PUNTO DE ACCESO ADICIONAL (KOHA)
Fuente del sistema de clasificación o colocación Library of Congress Classification
Tipo de ítem Koha Libros
Holdings
Estado de retiro Estado de pérdida Estado dañado No para préstamo Localización permanente Ubicación/localización actual Fecha de adquisición Total de préstamos Signatura topográfica completa Código de barras Fecha visto por última vez Precio válido a partir de Tipo de ítem Koha
El ejemplar forma parte de la colección y puede ser consultado según las políticas vigentes.       Biblioteca del Museo Franz Mayer (Rogerio Casas-Alatriste) Biblioteca del Museo Franz Mayer (Rogerio Casas-Alatriste) 25/04/2017   BE195 .B63 1773 CFM00141 22/03/2019 22/03/2019 Libros